Movies Quiz

Random Movies or Actor Quiz

John Candy Movies Quiz Stats

 Plays Quiz Updated Feb 21, 2020

     
Support Sporcle.
Go Orange.
Score 0/39 Timer 10:00
1 Play Today
Year Movie % Correct
1989Uncle Buck
88%
1987Planes, Trains and Automobiles
77.1%
1987Spaceballs
71.1%
1981Stripes
60.6%
1990Home Alone
58.4%
1988Great Outdoors
53.2%
1995Canadian Bacon
43.4%
1993Cool Runnings
42%
1983National Lampoon's Vacation
38.8%
1980The Blues Brothers
31.7%
1994Wagons East
30.8%
1989Who's Harry Crumb?
29.5%
1985Summer Rental
28.1%
1984Splash
25%
1986Armed and Dangerous
20.5%
1991Only the Lonely
20.4%
1991JFK
18.7%
1991Nothing But Trouble
18.6%
1985Brewster's Millions
17.9%
1985Volunteers
17.1%
Year Movie % Correct
1991Delirious
16.5%
1986Little Shop of Horrors
15%
19791941
13.2%
1990The Rescuers Down Under
12%
1981Heavy Metal
10.3%
1989Hot to Trot
9.1%
1992Once Upon a Crime...
8.3%
1983Going Berserk
7.5%
1985Sesame Street Presents: Follow That Bird
7.5%
1989Speed Zone!
7.1%
1992Boris and Natasha: The Movie
6.2%
1976Find the Lady
6.1%
1976The Clown Murders
6%
1978The Silent Partner
5.9%
1975It Seemed Like a Good Idea at The Time
5.6%
1976Tunnel Vision
5.6%
1979Lost and Found
5.4%
1990Masters of Menace
5.4%
1980Deadly Companion
5%

From the Vault

Bespectacled Movie Characters

by FearTheManatee

Movies 7m
You wouldn't hit any of these movie characters, would you?
Remove Ads.
Support Sporcle.
Get the best of Sporcle when you Go Orange. This ad-free experience offers more features, more stats, and more fun while also helping to support Sporcle. Thank you for becoming a member.

Show Comments

Extras

Top Quizzes Today


Score Distribution

Your Account Isn't Verified!

In order to create a playlist on Sporcle, you need to verify the email address you used during registration. Go to your Sporcle Settings to finish the process.

Report this User

Report this user for behavior that violates our Community Guidelines.

Details: